000 00895nam a22002897a 4500
001 BR8700136
003 BR-BrBNA
005 20230928092320.0
007 ta
008 230509b bl.||||| |||| 00| 0 por d
040 _aBR-BrBNA
_bpor
_cBiblioteca Nacional de Agricultura
041 _a(Por)
072 _aQ02
_b9700
_b3715
090 _ 9700 BR8700136
100 1 _aRodrigues, V.
110 1 _aFundacao Centro Tecnologico de Minas Gerais, Belo Horizonte (Brasil)
_94818
245 1 _aInfluencia dos microrganismos no amaciamento da carne
260 3 _aBelo Horizonte, MG (Brasil):
_c[nd].
300 _a11 p.
500 _a(*) Documento disponível no(a) Fundacao Centro Tecnologico de Minas Gerais, Belo Horizonte (Brazil)
650 _aMICRORGANISMO
650 _aCARNE
650 _aPROCESSAMENTO
650 _aENZIMA
909 _a202309
_bLucia
_c55
_dLucia Elande
942 _cBK
999 _c38299
_d38299